[Event "27th Klatovy A 2019"]
[Site "Klatovy CZE"]
[Date "2019.07.03"]
[Round "5.21"]
[White "Pick, Stepan"]
[Black "Novak, Vaclav2"]
[Result "1/2-1/2"]
[WhiteElo "2058"]
[BlackElo "1870"]
[PlyCount "52"]
[EventDate "2019.06.29"]
[EventType "swiss"]
[EventRounds "9"]
[EventCountry "CZE"]

1. Nf3 d5 2. c4 e6 3. d4 Nf6 4. g3 c6 5. Bg2 b6 6. O-O Be7 7. b3 O-O 8. Bb2 Bb7 9. Nc3 Nbd7 10. Qc2 h6 11. e4 dxe4 12. Nxe4 Nxe4 13. Qxe4 Nf6 14. Qc2 c5 15. Rad1 Qc7 16. dxc5 Bxc5 17. Bxf6 gxf6 18. Nd2 Bxg2 19. Kxg2 f5 20. Nf3 Qb7 21. Rd3 Rad8 22. Rfd1 Be7 23. Kg1 Rxd3 24. Rxd3 Bf6 25. Qd2 Kg7 26. Ne1 Qc8 1/2-1/2

[Event "27th Klatovy A 2019"]
[Site "Klatovy CZE"]
[Date "2019.07.03"]
[Round "5.22"]
[White "Odehnal, Jaroslav"]
[Black "Bub, Volker"]
[Result "1/2-1/2"]
[WhiteElo "1930"]
[BlackElo "2049"]
[PlyCount "82"]
[EventDate "2019.06.29"]
[EventType "swiss"]
[EventRounds "9"]
[EventCountry "CZE"]

1. d4 Nf6 2. c4 g6 3. Nc3 Bg7 4. e4 d6 5. f4 c5 6. dxc5 Qa5 7. Bd2 Qxc5 8. Nf3 O-O 9. Bd3 Nc6 10. Na4 Qh5 11. h3 Bg4 12. Bc3 Bxf3 13. Qxf3 Qxf3 14. gxf3 Nh5 15. Bd2 Nd4 16. Kf2 Bh6 17. Nc3 Bxf4 18. Bxf4 Nxf4 19. Rad1 Rac8 20. b3 a6 21. Nd5 Nxd5 22. exd5 b5 23. Bxg6 Nxb3 24. Bf5 Na5 25. Rhg1+ Kh8 26. Bxc8 Rxc8 27. cxb5 Rc2+ 28. Kg3 axb5 29. Rde1 Kg7 30. Rxe7 Kf6 31. Rd7 Nc4 32. Rb7 Rxa2 33. Rxb5 Ne3 34. Re1 Nf5+ 35. Kf4 Rh2 36. Rb7 Rxh3 37. Ke4 Rh4+ 38. f4 Ng3+ 39. Kf3 Nh5 40. Re4 Rh1 41. Rd7 Rf1+ 1/2-1/2

[Event "27th Klatovy A 2019"]
[Site "Klatovy CZE"]
[Date "2019.07.03"]
[Round "5.23"]
[White "Vilimova, Julie"]
[Black "Hajek, Jiri2"]
[Result "0-1"]
[WhiteElo "1786"]
[BlackElo "2043"]
[PlyCount "80"]
[EventDate "2019.06.29"]
[EventType "swiss"]
[EventRounds "9"]
[EventCountry "CZE"]

1. d4 d5 2. c4 Nc6 3. e3 e5 4. cxd5 Qxd5 5. Nc3 Bb4 6. a3 Bxc3+ 7. bxc3 Nf6 8. Nf3 O-O 9. Be2 e4 10. Nd2 Qg5 11. Bf1 Bf5 12. Qc2 Rfe8 13. g3 Qh6 14. h4 Nd5 15. Nb3 a5 16. c4 Nf6 17. Bg2 b6 18. Bb2 Qh5 19. Rc1 Rad8 20. Nd2 Ng4 21. Qb3 Qh6 22. Qc3 Qf6 23. O-O Qh6 24. d5 Nb8 25. Rfd1 Nd7 26. Re1 Nc5 27. Bf1 Ne5 28. Red1 g5 29. hxg5 Qxg5 30. Bg2 Rd6 31. f4 exf3 32. Nxf3 Nxf3+ 33. Bxf3 Qxg3+ 34. Bg2 f6 35. Rf1 Be4 36. Qd2 Qxg2+ 37. Qxg2+ Bxg2 38. Kxg2 Nd3 39. Rc2 Nxb2 40. Rxb2 Rxe3 0-1

[Event "27th Klatovy A 2019"]
[Site "Klatovy CZE"]
[Date "2019.07.03"]
[Round "5.24"]
[White "Kopriva, Martin"]
[Black "Fiser, Jiri2"]
[Result "1-0"]
[WhiteElo "2031"]
[BlackElo "1899"]
[PlyCount "81"]
[EventDate "2019.06.29"]
[EventType "swiss"]
[EventRounds "9"]
[EventCountry "CZE"]

1. e4 c5 2. d4 cxd4 3. Nf3 Nc6 4. c3 d3 5. Bxd3 g6 6. O-O Bg7 7. Qe2 d6 8. h3 Nf6 9. Rd1 Qc7 10. a4 O-O 11. Na3 a6 12. Nc4 b6 13. Bf4 Bb7 14. e5 dxe5 15. Nfxe5 Nh5 16. Bh2 Nxe5 17. Nxe5 Qc5 18. Bc4 Bxe5 19. Bxe5 Rad8 20. Rd4 Rxd4 21. cxd4 Qc6 22. f3 Rc8 23. b3 a5 24. Qe3 Qd7 25. Rc1 Qd8 26. d5 Nf6 27. Rd1 Nxd5 28. Qh6 f6 29. Bb2 e6 30. h4 Qf8 31. Qd2 Kg7 32. h5 Qe7 33. Kf2 h6 34. hxg6 Kxg6 35. Rh1 Rh8 36. Bd3+ Kg7 37. Rh4 Qf8 38. Rg4+ Kf7 39. Bg6+ Ke7 40. Ba3+ Nb4 41. Rxb4 1-0

[Event "27th Klatovy A 2019"]
[Site "Klatovy CZE"]
[Date "2019.07.03"]
[Round "5.25"]
[White "Skypala, Ondrej"]
[Black "Vavrinkova, Eliska"]
[Result "1-0"]
[WhiteElo "2030"]
[BlackElo "1858"]
[PlyCount "117"]
[EventDate "2019.06.29"]
[EventType "swiss"]
[EventRounds "9"]
[EventCountry "CZE"]

1. d4 d5 2. c4 c6 3. Nf3 Nf6 4. Bg5 e6 5. Nc3 Nbd7 6. e3 Bb4 7. cxd5 exd5 8. Bd3 O-O 9. O-O Re8 10. Qc2 Be7 11. Nd2 Nf8 12. Rab1 a5 13. a3 Ng6 14. b4 axb4 15. axb4 Qd6 16. Bxf6 Qxf6 17. b5 Nh4 18. f4 Qe6 19. Rbe1 Qg4 20. Nf3 Bb4 21. Nxh4 Qxh4 22. Rb1 Bd6 23. Nd1 Bd7 24. bxc6 bxc6 25. Bf5 Bxf5 26. Qxf5 Re6 27. Rb7 Be7 28. g3 Qh6 29. Qb1 Bf8 30. Rd7 Rd6 31. Rxd6 Qxd6 32. Rf2 Qa3 33. Rb2 Rd8 34. Ra2 Qd6 35. Rc2 Rb8 36. Qc1 Rc8 37. Nb2 f6 38. Nd3 Qe6 39. Kf2 Qh3 40. Qh1 Qe6 41. Qf3 Qh3 42. Kg1 Qe6 43. f5 Qd6 44. Kg2 Qa3 45. Nf4 Qb3 46. Re2 Re8 47. Ne6 Rc8 48. g4 c5 49. dxc5 Bxc5 50. h4 Ba7 51. g5 Rc2 52. Rxc2 Qxc2+ 53. Kg3 Bb8+ 54. Kg4 Qc4+ 55. Nf4 fxg5 56. hxg5 Kf8 57. Qxd5 Qc8 58. Ne6+ Kg8 59. Nd8+ 1-0

[Event "27th Klatovy A 2019"]
[Site "Klatovy CZE"]
[Date "2019.07.03"]
[Round "5.26"]
[White "Paldus, Jan"]
[Black "Cmiko, Jakub"]
[Result "0-1"]
[WhiteElo "1767"]
[BlackElo "2005"]
[PlyCount "96"]
[EventDate "2019.06.29"]
[EventType "swiss"]
[EventRounds "9"]
[EventCountry "CZE"]

1. e4 c5 2. Nf3 d6 3. d4 cxd4 4. Nxd4 Nf6 5. Nc3 a6 6. Be3 Ng4 7. Bc1 Nf6 8. Be3 e6 9. Be2 Be7 10. O-O O-O 11. h3 Qc7 12. Nf3 b5 13. a3 Bb7 14. Bd3 Nbd7 15. Qe2 Rac8 16. Nd2 d5 17. exd5 Nxd5 18. Nxd5 Bxd5 19. c3 Qb7 20. f3 Ne5 21. Be4 Bxe4 22. Nxe4 Nc4 23. Bf2 Qc6 24. Rab1 Rcd8 25. Rfd1 Rxd1+ 26. Rxd1 Rd8 27. Rxd8+ Bxd8 28. Nc5 Bc7 29. Nd3 Qd6 30. g3 h5 31. f4 a5 32. Bd4 Qd5 33. Ne5 Bxe5 34. Bxe5 f6 35. Qxh5 Qc5+ 36. Kg2 Qc6+ 37. Kh2 fxe5 38. fxe5 Nxb2 39. Qg5 Qd7 40. Qh5 Nc4 41. Qf3 Qd5 42. Qh5 Qxe5 43. Qh4 Qd5 44. Qe7 Ne3 45. Qe8+ Kh7 46. Qh5+ Qxh5 47. a4 Qe2+ 48. Kg1 Qg2# 0-1

[Event "27th Klatovy A 2019"]
[Site "Klatovy CZE"]
[Date "2019.07.03"]
[Round "5.27"]
[White "Molkanov, Oleg 2001"]
[Black "Krauskopfova, Lenka 1996"]
[Result "1-0"]
[WhiteElo "2211"]
[BlackElo "1941"]
[PlyCount "65"]
[EventDate "2019.06.29"]
[EventType "swiss"]
[EventRounds "9"]
[EventCountry "CZE"]

1. d4 Nf6 2. c4 g6 3. Nc3 Bg7 4. e4 d6 5. Nf3 O-O 6. Be2 Nc6 7. d5 Ne5 8. Nxe5 dxe5 9. O-O e6 10. Be3 exd5 11. cxd5 Ne8 12. Rc1 a6 13. Qc2 f5 14. f3 f4 15. Bc5 Nd6 16. Nd1 Rf7 17. Nf2 Bf8 18. Nd3 Qg5 19. Nf2 h5 20. Kh1 Bd7 21. a4 Re8 22. Qb3 Bc8 23. Bb4 Qh6 24. Rc2 g5 25. Nd3 g4 26. Rg1 Qg5 27. Nc5 Qh4 28. Ne6 c6 29. g3 fxg3 30. Rxg3 cxd5 31. Nxf8 Rexf8 32. Bxd6 Rd8 33. Qxd5 1-0

[Event "27th Klatovy A 2019"]
[Site "Klatovy CZE"]
[Date "2019.07.03"]
[Round "5.28"]
[White "Flajsman, Pavel"]
[Black "Kaderabek, Jiri"]
[Result "1/2-1/2"]
[WhiteElo "1917"]
[BlackElo "2182"]
[PlyCount "94"]
[EventDate "2019.06.29"]
[EventType "swiss"]
[EventRounds "9"]
[EventCountry "CZE"]

1. d4 Nf6 2. c4 g6 3. Nf3 b6 4. g3 Bb7 5. Bg2 Bg7 6. O-O O-O 7. Nc3 d6 8. Qc2 Nbd7 9. e4 e5 10. d5 a5 11. b3 Qe7 12. Rb1 Nh5 13. Nb5 Nc5 14. Be3 Bc8 15. Bxc5 bxc5 16. a3 Bg4 17. Ne1 Bc8 18. Nd3 f5 19. f3 Bh6 20. Rfe1 Bb7 21. b4 axb4 22. axb4 cxb4 23. c5 fxe4 24. fxe4 Ba6 25. Rxb4 Rab8 26. cxd6 cxd6 27. Reb1 Be3+ 28. Kh1 Qg5 29. Bh3 Bc8 30. Bxc8 Rbxc8 31. Qg2 Rf6 32. R4b2 Qg4 33. Nxd6 Rxd6 34. Nxe5 Nxg3+ 35. Qxg3 Qxe4+ 36. Qf3 Qxf3+ 37. Nxf3 Rxd5 38. Rb8 Rxb8 39. Rxb8+ Kg7 40. Rb7+ Kh6 41. h4 Kh5 42. Rxh7+ Kg4 43. Kg2 Ra5 44. Nh2+ Kf5 45. Rf7+ Ke6 46. Rf3 Bd4 47. Ng4 Rf5 1/2-1/2

[Event "27th Klatovy A 2019"]
[Site "Klatovy CZE"]
[Date "2019.07.03"]
[Round "5.29"]
[White "Cakl, Zdenek"]
[Black "Kunc, Jan"]
[Result "1-0"]
[WhiteElo "2072"]
[BlackElo "1919"]
[PlyCount "67"]
[EventDate "2019.06.29"]
[EventType "swiss"]
[EventRounds "9"]
[EventCountry "CZE"]

1. Nf3 g6 2. g3 c5 3. Bg2 Bg7 4. c4 Nc6 5. O-O e6 6. Nc3 Nge7 7. b3 O-O 8. Bb2 d5 9. cxd5 Nxd5 10. Qc1 Nxc3 11. Bxc3 Nd4 12. Nxd4 cxd4 13. Bb4 Re8 14. d3 Bd7 15. Qa3 Qb6 16. Rac1 Rec8 17. Bc5 Qb5 18. Rc4 e5 19. Rfc1 a5 20. Bd6 f6 21. Rc5 Qb6 22. Bd5+ Kh8 23. Bc7 Qa6 24. Rxa5 Rxc7 25. Rxa6 Rxa6 26. Qb2 Bc6 27. Bxc6 Raxc6 28. Rxc6 Rxc6 29. Qa3 Ra6 30. Qe7 Kg8 31. a4 Ra7 32. Qe6+ Kf8 33. Qc8+ Kf7 34. Qc7+ 1-0

[Event "27th Klatovy A 2019"]
[Site "Klatovy CZE"]
[Date "2019.07.03"]
[Round "5.30"]
[White "Rybin, Jan"]
[Black "Turner, Radek"]
[Result "1/2-1/2"]
[WhiteElo "1900"]
[BlackElo "2023"]
[PlyCount "49"]
[EventDate "2019.06.29"]
[EventType "swiss"]
[EventRounds "9"]
[EventCountry "CZE"]

1. d4 Nf6 2. Nf3 c5 3. d5 Qb6 4. Nc3 d6 5. e4 Bg4 6. Be2 Nbd7 7. O-O g6 8. a4 a6 9. a5 Qc7 10. Bf4 Bxf3 11. Bxf3 Bg7 12. Qd2 O-O 13. Na4 Rab8 14. Ra2 Rfd8 15. Rb1 Ne8 16. Be2 Nef6 17. f3 Rdc8 18. Be3 Ne8 19. b4 cxb4 20. Ba7 Ra8 21. Bb6 Nxb6 22. Nxb6 Qc5+ 23. Kh1 Bc3 24. Qd3 Nf6 25. Qc4 1/2-1/2

[Event "27th Klatovy A 2019"]
[Site "Klatovy CZE"]
[Date "2019.07.03"]
[Round "5.31"]
[White "Lochman, Vaclav"]
[Black "Danko, Jiri"]
[Result "1-0"]
[WhiteElo "2007"]
[BlackElo "1881"]
[PlyCount "55"]
[EventDate "2019.06.29"]
[EventType "swiss"]
[EventRounds "9"]
[EventCountry "CZE"]

1. e4 e5 2. Nf3 Nc6 3. Bb5 a6 4. Ba4 Nf6 5. O-O b5 6. Bb3 Be7 7. d4 d6 8. c3 O-O 9. h3 Bb7 10. Qe2 Nd7 11. Rd1 Bf6 12. Bd5 Qe7 13. Bxc6 Bxc6 14. d5 Bb7 15. Nbd2 c6 16. dxc6 Bxc6 17. Nf1 Nc5 18. Ng3 g6 19. Bh6 Rfd8 20. Nd2 d5 21. exd5 Bxd5 22. Nde4 Nxe4 23. Nxe4 Bg7 24. Bxg7 Kxg7 25. Qe3 f5 26. Qc5 Qd7 27. c4 bxc4 28. Nc3 1-0

[Event "27th Klatovy A 2019"]
[Site "Klatovy CZE"]
[Date "2019.07.03"]
[Round "5.32"]
[White "Hosnedl, Matyas"]
[Black "Drahorad, Daniel"]
[Result "1/2-1/2"]
[WhiteElo "1903"]
[BlackElo "1977"]
[PlyCount "69"]
[EventDate "2019.06.29"]
[EventType "swiss"]
[EventRounds "9"]
[EventCountry "CZE"]

1. e4 e6 2. d4 d5 3. Nd2 dxe4 4. Nxe4 Nd7 5. Nf3 Ngf6 6. Nxf6+ Nxf6 7. Bd3 Be7 8. O-O O-O 9. Bg5 c5 10. dxc5 Bxc5 11. Nd2 h6 12. Bxf6 Qxf6 13. Ne4 Qe7 14. Nxc5 Qxc5 15. Qf3 Rb8 16. Rad1 b6 17. Qe4 f5 18. Qc4 Qxc4 19. Bxc4 Kh7 20. Rfe1 Re8 21. Rd6 Rb7 22. f4 Rbe7 23. Re5 Kg6 24. Bd3 Kf7 25. Bc4 Kf6 26. Bd3 Kf7 27. Bb5 Rf8 28. Bc4 Kf6 29. Bd3 Kf7 30. h3 Rc7 31. b3 Ke7 32. Rd4 Rd8 33. Rxd8 Kxd8 34. Kf2 Kd7 35. Ke3 1/2-1/2

[Event "27th Klatovy A 2019"]
[Site "Klatovy CZE"]
[Date "2019.07.03"]
[Round "5.33"]
[White "Sim, Jia Ru"]
[Black "Novotny, Jaroslav2"]
[Result "1-0"]
[WhiteElo "1866"]
[BlackElo "1979"]
[PlyCount "59"]
[EventDate "2019.06.29"]
[EventType "swiss"]
[EventRounds "9"]
[EventCountry "CZE"]

1. e4 c5 2. Nf3 d6 3. c3 Nf6 4. Be2 Bg4 5. O-O e6 6. d3 Be7 7. Be3 Nc6 8. Nbd2 O-O 9. d4 Qc7 10. Rc1 Rac8 11. b4 cxb4 12. cxb4 Qb8 13. a3 d5 14. e5 Nd7 15. Nb3 a6 16. Nc5 Nxc5 17. bxc5 f6 18. Rb1 Qc7 19. exf6 Bxf6 20. Qd2 Bxf3 21. Bxf3 Qf7 22. Rfd1 Rce8 23. Qb2 Re7 24. Qd2 Qg6 25. Kh1 Kh8 26. Rb6 Rd8 27. Qe2 Bg5 28. Bxg5 Qxg5 29. Qb2 Rdd7 30. Rxc6 1-0

[Event "27th Klatovy A 2019"]
[Site "Klatovy CZE"]
[Date "2019.07.03"]
[Round "5.34"]
[White "Pavlicek, Lukas"]
[Black "Cecil, Pavel"]
[Result "1-0"]
[WhiteElo "1962"]
[BlackElo "1890"]
[PlyCount "43"]
[EventDate "2019.06.29"]
[EventType "swiss"]
[EventRounds "9"]
[EventCountry "CZE"]

1. c4 e5 2. Nc3 Nf6 3. Nf3 Nc6 4. e4 Bc5 5. Nxe5 Bxf2+ 6. Kxf2 Nxe5 7. d4 Ng6 8. Be2 d6 9. Rf1 Qe7 10. Kg1 h6 11. Bf3 c6 12. b3 O-O 13. Ba3 Rd8 14. e5 Ne8 15. Ne4 Nxe5 16. dxe5 Qxe5 17. Re1 Qa5 18. Bb2 d5 19. cxd5 cxd5 20. Nf2 Be6 21. Bg4 Bxg4 22. Qxg4 1-0

[Event "27th Klatovy A 2019"]
[Site "Klatovy CZE"]
[Date "2019.07.03"]
[Round "5.35"]
[White "Kantor, Jozef"]
[Black "Richter, Martin1"]
[Result "0-1"]
[WhiteElo "1808"]
[BlackElo "1959"]
[PlyCount "92"]
[EventDate "2019.06.29"]
[EventType "swiss"]
[EventRounds "9"]
[EventCountry "CZE"]

1. e4 c5 2. Nf3 Nc6 3. d4 cxd4 4. Nxd4 e5 5. Nb5 d6 6. N1c3 a6 7. Na3 Be6 8. Be3 Nf6 9. f3 d5 10. exd5 Nxd5 11. Nxd5 Bxd5 12. Nc4 Bxc4 13. Qxd8+ Rxd8 14. Bxc4 Nd4 15. Bd3 Bc5 16. Kf2 O-O 17. Rad1 Ne6 18. Rhe1 Bxe3+ 19. Kxe3 Nf4 20. Bf1 g5 21. a3 Kg7 22. c4 f5 23. b4 Ne6 24. Rd5 Nd4 25. Kd3 Rxd5 26. cxd5 Kf6 27. g4 Nxf3 28. Rc1 e4+ 29. Ke3 Nxh2 30. gxf5 Nxf1+ 31. Rxf1 Ke5 32. Rh1 Rf7 33. Rh5 Rxf5 34. Rxh7 Rf3+ 35. Ke2 Kxd5 36. Rxb7 Rxa3 37. b5 Ke5 38. b6 Rb3 39. Rb8 Kf4 40. b7 Kg3 41. Rg8 Rxb7 42. Rxg5+ Kf4 43. Ra5 Rb2+ 44. Ke1 Kf3 45. Rxa6 Rb1+ 46. Kd2 e3+ 0-1

[Event "27th Klatovy A 2019"]
[Site "Klatovy CZE"]
[Date "2019.07.03"]
[Round "5.36"]
[White "Elias, Jakub"]
[Black "Novotny, David"]
[Result "0-1"]
[WhiteElo "1921"]
[BlackElo "1788"]
[PlyCount "68"]
[EventDate "2019.06.29"]
[EventType "swiss"]
[EventRounds "9"]
[EventCountry "CZE"]

1. e4 e6 2. d4 d5 3. Nc3 Nf6 4. e5 Nfd7 5. f4 c5 6. Nf3 Nc6 7. Be3 a6 8. Qd2 cxd4 9. Nxd4 Bc5 10. O-O-O O-O 11. Qf2 Bxd4 12. Bxd4 f6 13. Qe3 Nxd4 14. Rxd4 fxe5 15. fxe5 Rf5 16. Bd3 Rxe5 17. Qh3 Qg5+ 18. Kb1 Nf6 19. Nd1 Bd7 20. Rf1 Be8 21. Rb4 b5 22. a4 h6 23. Rbf4 Bg6 24. axb5 axb5 25. Bxg6 Qxg6 26. Qc3 Re2 27. Qc6 Qe8 28. Qb6 Rc8 29. Ne3 Qc6 30. Qxc6 Rxc6 31. Ng4 Ne4 32. Nxh6+ gxh6 33. Rg4+ Ng5 34. h4 Re4 0-1

[Event "27th Klatovy A 2019"]
[Site "Klatovy CZE"]
[Date "2019.07.03"]
[Round "5.37"]
[White "Nechutny, Michal"]
[Black "Lhotsky, Zdenek"]
[Result "1-0"]
[WhiteElo "1726"]
[BlackElo "1914"]
[PlyCount "75"]
[EventDate "2019.06.29"]
[EventType "swiss"]
[EventRounds "9"]
[EventCountry "CZE"]

1. e4 c5 2. c3 d6 3. d4 Nf6 4. Bd3 g6 5. Nf3 Bg7 6. O-O O-O 7. h3 a6 8. Be3 Qc7 9. Nbd2 b5 10. Qe2 e5 11. Rac1 Bb7 12. Rfd1 Nbd7 13. dxe5 Nxe5 14. Nxe5 dxe5 15. Bc2 c4 16. Bg5 Nd7 17. b3 Rac8 18. b4 Rce8 19. a4 f5 20. a5 Qc6 21. f3 h6 22. Bh4 f4 23. Nf1 g5 24. Bf2 Rf7 25. Rd2 Bf8 26. Rcd1 h5 27. Nh2 Bc8 28. Rf1 Nf6 29. Bb6 Rg7 30. Bd8 Nd7 31. Bb6 Nxb6 32. axb6 Qxb6+ 33. Qf2 Qg6 34. Bd1 Qc6 35. Be2 a5 36. Rb1 axb4 37. cxb4 Ra7 38. Qxa7 1-0

[Event "27th Klatovy A 2019"]
[Site "Klatovy CZE"]
[Date "2019.07.03"]
[Round "5.38"]
[White "Kovar, Petr"]
[Black "Lhotska, Anna"]
[Result "1/2-1/2"]
[WhiteElo "1909"]
[BlackElo "1884"]
[PlyCount "100"]
[EventDate "2019.06.29"]
[EventType "swiss"]
[EventRounds "9"]
[EventCountry "CZE"]

1. c4 e5 2. Nc3 Nf6 3. g3 c6 4. Bg2 d5 5. cxd5 cxd5 6. Qb3 Nc6 7. d3 Be7 8. Bd2 Nd4 9. Qd1 O-O 10. Nf3 Nxf3+ 11. exf3 Bf5 12. Qe2 Re8 13. O-O Bc5 14. Rfc1 Rc8 15. Na4 Bd6 16. Bf1 Qd7 17. Qd1 Bg6 18. Rxc8 Rxc8 19. Rc1 Rxc1 20. Bxc1 Bh5 21. Be2 d4 22. b3 Nd5 23. f4 Bxe2 24. Qxe2 exf4 25. Qe4 Qc6 26. Bb2 b5 27. Qxd4 f6 28. Nc3 Nxc3 29. Qxc3 Qxc3 30. Bxc3 fxg3 31. fxg3 Kf7 32. Kf2 Ke6 33. Ke3 g5 34. Bd4 a6 35. Kf3 h5 36. h3 f5 37. Be3 g4+ 38. hxg4 hxg4+ 39. Kf2 Kd5 40. Bb6 Be5 41. Be3 Bd6 42. Kg2 a5 43. Kf2 a4 44. Kg2 axb3 45. axb3 Be5 46. Kf2 Bd4 47. Ke2 Kc5 48. Kd2 Kd5 49. Ke2 Be5 50. Kf2 Bd4 1/2-1/2

[Event "27th Klatovy A 2019"]
[Site "Klatovy CZE"]
[Date "2019.07.03"]
[Round "5.39"]
[White "Hlavac, Rudolf"]
[Black "Hacaperka, Michal"]
[Result "1-0"]
[WhiteElo "1990"]
[BlackElo "1865"]
[PlyCount "85"]
[EventDate "2019.06.29"]
[EventType "swiss"]
[EventRounds "9"]
[EventCountry "CZE"]

1. e4 c5 2. Nf3 d6 3. d4 cxd4 4. Qxd4 Nc6 5. Bb5 Bd7 6. Bxc6 Bxc6 7. c4 Nf6 8. Nc3 g6 9. O-O Bg7 10. Qd3 Nd7 11. Nd4 Nc5 12. Qe3 O-O 13. b3 Ne6 14. Nxc6 bxc6 15. Bb2 Nd4 16. Qd2 c5 17. f4 f5 18. exf5 gxf5 19. Ne2 e5 20. Bxd4 cxd4 21. fxe5 dxe5 22. Ng3 f4 23. Ne4 Rf7 24. Rf3 Qc7 25. Qd3 a5 26. Ng5 Bf8 27. Nxf7 Qxf7 28. Re1 Qf6 29. Kh1 Bb4 30. Re2 Bc3 31. g3 a4 32. gxf4 axb3 33. axb3 Ra1+ 34. Kg2 exf4 35. Rf1 Qg5+ 36. Kf2 Qh4+ 37. Kg1 Rxf1+ 38. Kxf1 Qh5 39. Qe4 f3 40. Qe8+ Qxe8 41. Rxe8+ Kf7 42. Rd8 Ke6 43. Kf2 1-0

[Event "27th Klatovy A 2019"]
[Site "Klatovy CZE"]
[Date "2019.07.03"]
[Round "5.40"]
[White "Stankova, Zuzana 1986"]
[Black "Skopec, Lubos"]
[Result "1/2-1/2"]
[WhiteElo "1677"]
[BlackElo "1907"]
[PlyCount "59"]
[EventDate "2019.06.29"]
[EventType "swiss"]
[EventRounds "9"]
[EventCountry "CZE"]

1. e4 c5 2. Nc3 Nc6 3. Bb5 d6 4. Bxc6+ bxc6 5. d3 Nf6 6. f4 g6 7. Nf3 Bg7 8. O-O O-O 9. Qe1 Rb8 10. b3 Qa5 11. Bd2 Qb6 12. Na4 Qc7 13. c4 Nd7 14. Bc3 Bb7 15. Bxg7 Kxg7 16. Qh4 Rbe8 17. Ng5 h6 18. Nh3 Qd8 19. Qg3 Kh7 20. Nf2 e5 21. f5 gxf5 22. exf5 Rg8 23. Qe3 d5 24. Rae1 Qh4 25. Nxc5 d4 26. Qe4 Qxe4 27. Ncxe4 Re7 28. Nh1 c5 29. Nhg3 f6 30. Rf2 1/2-1/2

[Event "27th Klatovy A 2019"]
[Site "Klatovy CZE"]
[Date "2019.07.04"]
[Round "6.1"]
[White "Vanduyfhuys, Daria"]
[Black "Rubes, Jan"]
[Result "1/2-1/2"]
[WhiteElo "2078"]
[BlackElo "2352"]
[PlyCount "121"]
[EventDate "2019.06.29"]
[EventType "swiss"]
[EventRounds "9"]
[EventCountry "CZE"]

1. d4 Nf6 2. c4 e6 3. Nf3 d5 4. Nc3 Be7 5. Bg5 O-O 6. e3 h6 7. Bh4 b6 8. cxd5 Nxd5 9. Bxe7 Qxe7 10. Nxd5 exd5 11. Bd3 Be6 12. O-O c5 13. dxc5 bxc5 14. Rc1 Rc8 15. Bb1 Nd7 16. Qe2 Rab8 17. Rfd1 Nf6 18. h3 Qb7 19. b3 a5 20. Ne5 Qb4 21. Nd3 Qb5 22. Nf4 Qxe2 23. Nxe2 Kf8 24. Nc3 g5 25. Bd3 Ke7 26. Be2 Rb4 27. Bf3 Kd6 28. Kf1 Ke5 29. Ke1 h5 30. Be2 h4 31. Kd2 Ne4+ 32. Nxe4 Kxe4 33. Rc2 Ke5 34. Rdc1 Kd6 35. Rc3 a4 36. Bd3 f5 37. Be2 f4 38. Bf3 fxe3+ 39. fxe3 axb3 40. axb3 g4 41. hxg4 Bxg4 42. Ra1 Bxf3 43. gxf3 h3 44. f4 Rh8 45. Rh1 h2 46. Ke2 c4 47. bxc4 dxc4 48. Rc2 Rh3 49. Kf2 Kd5 50. Kg2 Rxe3 51. Rxh2 c3 52. Rh3 Rxh3 53. Kxh3 Kd4 54. Kg4 Kd3 55. Rc1 c2 56. Kg5 Rb1 57. Rxc2 Kxc2 58. f5 Kd3 59. f6 Rf1 60. Kg6 Rxf6+ 61. Kxf6 1/2-1/2

[Event "27th Klatovy A 2019"]
[Site "Klatovy CZE"]
[Date "2019.07.04"]
[Round "6.2"]
[White "Havelka, Josef"]
[Black "Kotal, Vaclav"]
[Result "1-0"]
[WhiteElo "2342"]
[BlackElo "2205"]
[PlyCount "55"]
[EventDate "2019.06.29"]
[EventType "swiss"]
[EventRounds "9"]
[EventCountry "CZE"]

1. e4 e5 2. Nf3 Nc6 3. Bb5 g6 4. d4 exd4 5. Nxd4 Bg7 6. Be3 Qe7 7. O-O Nf6 8. Re1 O-O 9. Nc3 Nxe4 10. Nxe4 Qxe4 11. Nxc6 dxc6 12. Bc5 Qh4 13. Bxf8 Bxf8 14. Bd3 Be6 15. Qf3 Bd6 16. g3 Qb4 17. b3 Qa3 18. h4 Bb4 19. Re2 Bc3 20. Rf1 Qb2 21. h5 Kg7 22. Rxe6 fxe6 23. hxg6 hxg6 24. Qg4 Kf8 25. Qxg6 Ke7 26. Bc4 Kd6 27. Qxe6+ Kc5 28. Qe3+ 1-0

[Event "27th Klatovy A 2019"]
[Site "Klatovy CZE"]
[Date "2019.07.04"]
[Round "6.3"]
[White "Neuman, Petr"]
[Black "Simet, Martin"]
[Result "1-0"]
[WhiteElo "2395"]
[BlackElo "2244"]
[PlyCount "105"]
[EventDate "2019.06.29"]
[EventType "swiss"]
[EventRounds "9"]
[EventCountry "CZE"]

1. d4 d6 2. Nf3 Bg4 3. e4 Nd7 4. h3 Bh5 5. Nc3 e6 6. Qe2 a6 7. g4 Bg6 8. h4 h5 9. g5 b5 10. a3 Ne7 11. Bh3 c6 12. Bf4 d5 13. exd5 cxd5 14. Nd1 Nc6 15. c3 Qb6 16. O-O Be7 17. Ne3 Ra7 18. Bg3 Kd8 19. Nd2 Re8 20. Ng2 e5 21. Qf3 exd4 22. Rfe1 d3 23. Nf4 Nce5 24. Qxd5 Bd6 25. Nxg6 fxg6 26. Kg2 Qc5 27. Qe4 Re7 28. Nb3 Qc4 29. Qxc4 bxc4 30. Nd2 Nb6 31. Re4 Ke8 32. Rae1 Nf7 33. f4 Rxe4 34. Rxe4+ Re7 35. Kf3 Rxe4 36. Kxe4 Bc5 37. f5 Nd6+ 38. Bxd6 Bxd6 39. fxg6 Bg3 40. Be6 Be1 41. Ke3 Ke7 42. Bf7 Kd6 43. Nxc4+ Nxc4+ 44. Bxc4 d2 45. Be2 Bxh4 46. Kxd2 Bxg5+ 47. Kd1 h4 48. Bxa6 h3 49. Bb7 Ke5 50. b4 h2 51. Ke2 Kf5 52. a4 Kxg6 53. a5 1-0

[Event "27th Klatovy A 2019"]
[Site "Klatovy CZE"]
[Date "2019.07.04"]
[Round "6.4"]
[White "Jurek, Josef"]
[Black "Dolezal, Radoslav Jr"]
[Result "1/2-1/2"]
[WhiteElo "2247"]
[BlackElo "2374"]
[PlyCount "23"]
[EventDate "2019.06.29"]
[EventType "swiss"]
[EventRounds "9"]
[EventCountry "CZE"]

1. d4 Nf6 2. c4 e6 3. Nc3 d5 4. cxd5 exd5 5. Bg5 c6 6. e3 Be7 7. Qc2 Nbd7 8. Bd3 O-O 9. Nge2 Re8 10. O-O Nf8 11. f3 Nh5 12. Bxe7 1/2-1/2

[Event "27th Klatovy A 2019"]
[Site "Klatovy CZE"]
[Date "2019.07.04"]
[Round "6.5"]
[White "Hausner, Ivan"]
[Black "Vorisek, Jaroslav"]
[Result "1-0"]
[WhiteElo "2370"]
[BlackElo "2241"]
[PlyCount "111"]
[EventDate "2019.06.29"]
[EventType "swiss"]
[EventRounds "9"]
[EventCountry "CZE"]

1. Nf3 Nf6 2. g3 c5 3. Bg2 Nc6 4. d3 d5 5. Nbd2 e5 6. e4 Be7 7. O-O O-O 8. a4 h6 9. exd5 Nxd5 10. Re1 Bf6 11. Ne4 Be7 12. Ned2 Bf6 13. c3 Nc7 14. Nc4 Re8 15. a5 Bf5 16. Nfd2 Qd7 17. Be4 Rab8 18. Bxf5 Qxf5 19. Nd6 Qxd3 20. Nxe8 Nxe8 21. Ne4 Qb5 22. Qa4 Qxa4 23. Rxa4 b5 24. axb6 axb6 25. f4 exf4 26. Bxf4 Be5 27. Bxe5 Nxe5 28. Re2 f6 29. Kg2 b5 30. Ra7 c4 31. Rd2 Nd3 32. Nf2 Ne5 33. Ne4 Nd3 34. b4 Rd8 35. Kf1 Rd5 36. Nf2 Rf5 37. Kg1 Ne1 38. Re2 Nf3+ 39. Kg2 Ne5 40. Rd2 Nf7 41. Rad7 Kf8 42. Ne4 Re5 43. Nc5 Re3 44. Rb7 Ned6 45. Rb8+ Ke7 46. Ra2 f5 47. Ra7+ Kf6 48. Rb6 Kg5 49. Rd7 Rxc3 50. Rdxd6 Nxd6 51. Rxd6 Rc2+ 52. Kf3 Rxh2 53. Ne6+ Kf6 54. Rb6 g5 55. Nd4+ Ke5 56. Ne2 1-0

[Event "27th Klatovy A 2019"]
[Site "Klatovy CZE"]
[Date "2019.07.04"]
[Round "6.6"]
[White "Michalek, Jan 1969"]
[Black "Sprenar, Petr"]
[Result "1/2-1/2"]
[WhiteElo "2230"]
[BlackElo "2320"]
[PlyCount "75"]
[EventDate "2019.06.29"]
[EventType "swiss"]
[EventRounds "9"]
[EventCountry "CZE"]

1. e4 e6 2. d4 d5 3. Nc3 Bb4 4. Nge2 Nf6 5. e5 Nfd7 6. a3 Be7 7. Qd3 O-O 8. Qg3 Kh8 9. Be3 c5 10. h4 Nc6 11. f4 Nb6 12. b3 cxd4 13. Nxd4 f6 14. Bd3 fxe5 15. fxe5 Nxd4 16. Bxd4 Nd7 17. b4 a5 18. Rb1 axb4 19. axb4 Nb8 20. Ne2 Nc6 21. c3 Nxd4 22. Nxd4 Bd7 23. Bc2 Qc7 24. Rh3 Rf7 25. Qe3 Raf8 26. Nf3 Bb5 27. Kd2 Qc4 28. Bb3 Qg4 29. Rg1 d4 30. Nxd4 Rf2+ 31. Kc1 Rxg2 32. Rxg2 Rf1+ 33. Kb2 Qxg2+ 34. Nc2 Rf2 35. Rg3 Qh2 36. Rh3 Qg2 37. Rg3 Qh2 38. Rh3 1/2-1/2